000 00252nam a22001217a 4500
041 _aENG
100 _aSivanappan .R.K
245 _aSprinkler Irrigation
260 _aDelhi
_bOXford & IBH Pub
_c1992
300 _a146
650 _aIDE
856 _uIDE
999 _c384
_d384